00331nam a2200133Ia 4500003000400000008004100004020002400045040000800069100002400077245004300101260002600144300001400170365001300184LDD181029s9999 xx 000 0 und d a486639487cUS14.95 cLDD aHARRISON, Walter A. 0aSolid state theorycWalter A. HARRISON aNew YorkbDoverc1979 axviii,554 bUS14.95